Statistics for Valencia 2020's Starting XI

Click here to take the quiz!

General Stats

  • This quiz has been taken 516 times
    (261 since last reset)
  • The average score is 14 of 26

Answer Stats

Player% Correct
José Luis Gayà
78%
Giorgi Mamardashvili
77%
Jasper Cillessen
77%
Yunus Musah
75%
Edinson Cavani
74%
Maxi Gómez
71%
Daniel Wass
70%
Gonçalo Guedes
70%
Mouctar Diakhaby
68%
Daniel Parejo
64%
Gabriel Paulista
64%
Carlos Soler
60%
Thierry Correia
53%
Jaume Doménech
52%
Francis Coquelin
51%
Samuel Lino
40%
Uroš Račić
40%
Ferrán Torres
39%
André Almeida
38%
Eray Cömert
38%
Hugo Guillamón
38%
Rodrigo
38%
Dimitri Foulquier
37%
Omar Alderete
37%
Hugo Duro
29%
Nicolás González
12%

Score Distribution

Percentile by Number Answered

Percent of People with Each Score

Your Score History

You have not taken this quiz since the last reset